Szczegóły MARC21

Rachunkowość zarządcza : praca zbiorowa. Cz. 2, Zadania i rozwiązania /

003 -Nazwa inst., której nr kontr. jest w polu 001 [,]
    • @
    • Nazwa instytucji, której n kontrolny jest w polu 001
    • NUKAT
005 -DATA I CZAS OSTATNIEJ MODYFIKACJI [,]
    • @
    • pole kontrolne
    • 20241231111434.0
020 -Międzynarod. znormalizowany nr książki - ISBN [ , ]
    • a
    • Numer ISBN
    • 838703830X Find
040 -Instytucja sporządzająca opis [ , ]
    • a
    • Instytucja, która sporządziła opis (NP)
    • GD U/AJ
    • c
    • Instytucja, która sporządziła rekord (NP)
    • GD U/AJs
942 -Rodzaj dokumentu [ , ]
    • c
    • Rodzaj dokumentu
    • Książka
245 -Strefa tytułu i oznaczenia odpowiedzialności [0,0]
    • a
    • Tytuł
    • Rachunkowość zarządcza : Find
    • b
    • Ciąg dalszy tytułu (NP)
    • praca zbiorowa. Find
    • n
    • Oznaczenie części (P)
    • Cz. 2,
    • p
    • Nazwa części (P)
    • Zadania i rozwiązania /
    • c
    • Pozostałe elementy strefy tytułu i oznaczenia odpowiedzialności (NP)
    • pod red. Teresy Kiziukiewicz ; [aut. rozdz.: Ksenia Czubakowska et al.].
246 -Wariant tytułu [3,0]
    • a
    • Tytuł (NP)
    • Zadania i rozwiązania
250 -Strefa wydania [ , ]
    • a
    • Oznaczenie wydania (NP)
    • Wyd. 3 zm. i rozsz.
260 -Strefa adresu wydawniczego [ , ]
    • a
    • Miejsce wydania (P)
    • Wrocław :
    • b
    • Nazwa wydawcy (P)
    • Ekspert Wydawnictwo i Doradztwo,
    • c
    • Data wydania (P)
    • 2000.
300 -Strefa opisu fizycznego [ , ]
    • a
    • Określenie formy książki i/lub objętość (NP)
    • 143, R160, [2] s. ;
    • c
    • Format (NP)
    • 24 cm.
336 -Typ zawartości [ , ]
    • a
    • Termin opisujący typ zawartości
    • Tekst
    • b
    • Kod określający zawartość
    • txt
    • 2
    • Źródło (terminu i kodu)
    • rdacontent
337 -Typ mediów [ , ]
    • a
    • Tryb odtwarzania
    • Bez urządzenia pośredniczącego
    • b
    • Kod typu mediów
    • n
    • 2
    • Źródło (terminu i kodu)
    • rdamedia
338 -Typ/rodzaj nośnika [ , ]
    • a
    • Hasło opisujące typ nośnika
    • Wolumin
    • b
    • Kod typu nośnika
    • nc
    • 2
    • Źródło (terminu i kodu)
    • rdacarrier
521 -Uwaga dot. przeznaczenia czytelniczego [8, ]
    • a
    • Uwaga dot. przeznaczenia czytelniczego
    • Dla studentów studiów ekonomicznych, także do wykorzystania w zawodowych, średnich i pomaturalnych szkołach ekonomicznych, na kursach zawodowych.
080 -Uniwersalna Klasyfikacja Dziesiętna [ , ]
    • a
    • Symbol klasyfikacji
    • 65.01(075.8)
080 -Uniwersalna Klasyfikacja Dziesiętna [ , ]
    • a
    • Symbol klasyfikacji
    • :658.14/.17(075.8)
080 -Uniwersalna Klasyfikacja Dziesiętna [ , ]
    • a
    • Symbol klasyfikacji
    • :330.4(075.8)
650 -Hasło przedmiotowe [ ,7]
    • a
    • Hasło przedmiotowe
    • Rachunkowość zarządcza
    • v
    • Określnik formalny
    • zadania i ćwiczenia.
    • 2
    • Źródło terminu
    • kaba
    • 9
    • KHW
    • 353014
980 -Symbol UKD [ , ]
    • a
    • UKD
    • 65.01(075.8):658.14/.17(075.8):330.4(075.8)
700 -Hasło dodatkowe - nazwa osobowa [1, ]
    • a
    • Nazwa osobowa (NP)
    • Kiziukiewicz, Teresa Find
    • d
    • Daty biograficzne (NP)
    • (1947- ).
    • e
    • Określenie rodzaju współpracy
    • Red.
    • 9
    • KHW
    • 44060
700 -Hasło dodatkowe - nazwa osobowa [1, ]
    • a
    • Nazwa osobowa (NP)
    • Czubakowska, Ksenia Find
    • d
    • Daty biograficzne (NP)
    • (1946-2022).
    • 9
    • KHW
    • 1264
920 -ISBN [ , ]
    • a
    • ISBN
    • 83-87038-30-X Find
Status udost. Numer inwentarzowy Sygnatura Lokalizacja Data inwentaryzacji
-2E.67573 BE2001-01-31
-3S.87681 BE2001-01-31
-3S.89428 BE2002-04-08
2E.66728 BE2000-05-17
2S.85813 BE2000-05-17
2S.85814 BE2000-05-17
2S.85815 BE2000-05-17
-6S.85816 BE2000-05-17
-6S.87159 BE2000-11-17
-6S.88696 BE2001-11-28
-3WM.7184 BG2007-11-09
-3T.4122T.4122T2001-01-31
-3T.4123T.4123T2001-01-31
-3T.4124T.4124T2001-01-31
-3T.4125T.4125T2001-01-31
-3T.4126T.4126T2001-01-31
-3T.4127T.4127T2001-01-31
-3T.4128T.4128T2001-01-31
-3T.4129T.4129T2001-01-31
-3T.4130T.4130T2001-01-31
-3T.4131T.4131T2001-01-31
-3T.4132T.4132T2001-01-31
-3T.4133T.4133T2001-01-31
-3T.4134T.4134T2001-01-31
-3T.4135T.4135T2001-01-31
-3T.4136T.4136T2001-01-31
-3TM.3722TM.3722T2006-01-09
-3T.2139T.2139T2000-04-13
-3T.2140T.2140T2000-04-13
-3T.2141T.2141T2000-04-13
-3T.2142T.2142T2000-04-13
-3T.2143T.2143T2000-04-13
-3T.2144T.2144T2000-04-13
-3T.2145T.2145T2000-04-13
-3T.2146T.2146T2000-04-13
-3T.2147T.2147T2000-04-13
-3T.2148T.2148T2000-04-13
-3T.2149T.2149T2000-04-13
-3T.2150T.2150T2000-04-13
-3T.2151T.2151T2000-04-13
-3T.2152T.2152T2000-04-13
-3T.2153T.2153T2000-04-13
-3T.2154T.2154T2000-04-13
-3T.2155T.2155T2000-04-13
-3T.2156T.2156T2000-04-13
-3T.2157T.2157T2000-04-13
-3T.2158T.2158T2000-04-13